[Event "Eq:chibcha-THE KILLERS 1 : "]
[Site "www.chess-mail.com"]
[Date "2015.02.16"]
[Round "1"]
[White "Pablincho"]
[Black "Muller42"]
[WhiteElo "1880"]
[BlackElo "1649"]
[Result "1/2-1/2"]
[Round "1"]
1.e4 c6
2.d4 d5
3.e5 Bc8f5
4.Nb1c3 e6
5.Bf1d3 Bf5xd3
6.Qd1xd3 Nb8d7
7.f4 Ng8e7
8.Ng1f3 Qd8b6
9.O-O g6
10.b3 h5
11.a4 Ne7f5
12.Nc3e2 c5
13.a5 Qb6c7
14.c3 cxd4
15.cxd4 Ra8c8
16.Ra1a2 a6
17.Nf3e1 Bf8b4
18.Bc1d2 Bb4xd2
19.Qd3xd2 O-O
20.Ne1c2 Nd7b8
21.Rf1c1 Nb8c6
22.Nc2b4 Qc7d7
23.Nb4xc6 Rc8xc6
24.Rc1xc6 Qd7xc6
25.Ra2c2 Qc6d7
26.Rc2c5 Rf8c8
27.b4 Rc8xc5
28.bxc5 Qd7b5
29.h3 Qb5b1
{ draw }
1/2-1/2

[Event "Eq:Slap Shot Mates-Los Tercios : "]
[Site "www.chess-mail.com"]
[Date "2015.02.16"]
[Round "1"]
[White "Leswamp"]
[Black "Desiderio"]
[WhiteElo "2440"]
[BlackElo "2020"]
[Result "1-0"]
[Round "1"]
1.d4 d5
2.c4 e6
3.Nb1c3 Ng8f6
4.Ng1f3 c6
5.Bc1g5 Bf8e7
6.e3 O-O
7.Qd1c2 Qd8c7
8.Ra1c1 dxc4
9.Bf1xc4 Qc7d8
10.a3 Nb8d7
11.O-O h6
12.Bg5h4 Nf6d5
13.Bh4xe7 Qd8xe7
14.Nc3e4 Nd7f6
15.Ne4c5 Nf6d7
16.Nc5d3 Ra8b8
17.Nf3e5 Nd7xe5
18.Nd3xe5 Bc8d7
19.Bc4a2 Rf8c8
20.Ba2b1 g6
21.b4 Kg7
22.g3 Bd7e8
23.e4 Nd5f6
24.Ne5c4 Rc8d8
25.e5 Nf6d5
26.Nc4d6 Nd5b6
27.Rf1d1 Nb6c8
28.Nd6e4 Nc8b6
29.Rd1d3 Rb8a8
30.Ne4f6 Nb6d7
31.Rd3f3 Nd7b6
32.Qc2e4 Nb6d5
33.h4 Kh8
34.h5 Nd5xf6
35.exf6 Qe7d6
36.hxg6 fxg6
37.f7 Be8xf7
38.Rf3xf7 Rd8g8
39.Qe4e3 { resign }
1-0

[Event "Eq:CONFOEDERATIONIS HELVETICAE-Slap Shot Mates : "]
[Site "www.chess-mail.com"]
[Date "2015.02.16"]
[Round "1"]
[White "Jpmartinez"]
[Black "Thurgau"]
[WhiteElo "2590"]
[BlackElo "2700"]
[Result "1/2-1/2"]
[Round "1"]
1.d4 Ng8f6
2.c4 e6
3.Nb1c3 Bf8b4
4.e3 O-O
5.Ng1e2 d5
6.a3 Bb4e7
7.cxd5 exd5
8.Ne2f4 c6
9.Bf1d3 Nb8d7
10.O-O Rf8e8
11.f3 Nd7f8
12.b4 Nf8g6
13.Nf4e2 a5
14.Ra1b1 b5
15.Bc1d2 axb4
16.axb4 Bc8d7
17.Qd1b3 Qd8c7
18.Rf1c1 Be7d6
19.Nc3xb5 Bd6xh2
20.Kh1 Qc7b8
21.Nb5c3 Bh2d6
22.b5 Ra8a3
23.Qb3b2 cxb5
24.Bd3xb5 Qb8d8
25.Bb5xd7 Nf6xd7
26.Nc3xd5 Qd8h4
{ draw }
1/2-1/2

[Event "Eq:CONFOEDERATIONIS HELVETICAE-Los Tercios : "]
[Site "www.chess-mail.com"]
[Date "2015.02.16"]
[Round "1"]
[White "Leo57"]
[Black "Churrasca"]
[WhiteElo "2770"]
[BlackElo "2220"]
[Result "1-0"]
[Round "1"]
1.d4 Ng8f6
2.c4 g6
3.Nb1c3 Bf8g7
4.e4 d6
5.Bf1e2 O-O
6.Ng1f3 Nb8d7
7.O-O e5
8.Bc1e3 Rf8e8
9.d5 Nd7c5
10.Nf3d2 a5
11.a3 Qd8e7
12.b4 axb4
13.axb4 Ra8xa1
14.Qd1xa1 Nc5a6
15.Qa1a3 Nf6d7
16.Nd2b3 f5
17.c5 f4
18.cxd6 cxd6
19.Be3a7 b6
20.Be2xa6 Bc8xa6
21.Qa3xa6 Qe7d8
22.f3 Qd8c7
23.Rf1c1 Re8a8
24.Nc3b5 Qc7d8
25.Qa6b7 Bg7f6
26.Nb5xd6 Bf6e7
27.Rc1c7 Be7xd6
28.Rc7xd7 { resign }
1-0

[Event "Tourn. n8085"]
[Site "www.chess-mail.com"]
[Date "2015.02.17"]
[Round "1"]
[White "Gorgo"]
[Black "Xkafi"]
[WhiteElo "2140"]
[BlackElo "1990"]
[Result "1-0"]
[Round "1"]
1.d4 Ng8f6
2.c4 d5
3.cxd5 Qd8xd5
4.Nb1c3 Qd5a5
5.Bc1d2 Qa5b6
6.e4 Qb6xd4
7.Ng1f3 Qd4b6
8.e5 Nf6g4
9.Qd1e2 Bc8e6
10.Ra1c1 Nb8c6
11.h3 Ng4h6
12.Nc3a4 Qb6a6
13.Qe2e4 Be6f5
14.Bf1xa6 Bf5xe4
15.Ba6xb7 Be4xf3
16.Bb7xa8 Kd7
17.Na4c5 Kc8
18.gxf3 Nc6xe5
19.Bd2f4 Kb8
20.Rc1d1 a5
21.Rd1d8 Ka7
22.Bf4xe5 Nh6f5
23.Ba8e4 e6
24.Rd8a8 Kb6
25.Ra8b8 Kxc5
26.Kd2 Nf5d6
27.Rh1c1 Nd6c4
28.Kd3 { resign }
1-0

[Event "Tourn. n7982"]
[Site "www.chess-mail.com"]
[Date "2015.02.17"]
[Round "1"]
[White "Passaroa25"]
[Black "Uliczny2"]
[WhiteElo "1510"]
[BlackElo "1550"]
[Result "1-0"]
[Round "1"]
1.e4 e5
2.d3 Bf8c5
3.Bc1e3 Bc5xe3
4.fxe3 Ng8f6
5.Nb1d2 Nb8c6
6.Ng1e2 d5
7.Ne2g3 O-O
8.h3 h6
9.a3 { time. }
1-0

[Event "Tourn. n8081"]
[Site "www.chess-mail.com"]
[Date "2015.02.17"]
[Round "1"]
[White "E4player"]
[Black "Karkaskat"]
[WhiteElo "2410"]
[BlackElo "2450"]
[Result "1-0"]
[Round "1"]
1.e4 c5
2.Nb1c3 Nb8c6
3.Ng1e2 Ng8f6
4.d4 cxd4
5.Ne2xd4 g6
6.Nd4xc6 bxc6
7.e5 Nf6g8
8.Bf1c4 Bf8g7
9.Qd1f3 e6
10.Bc1f4 Ng8e7
11.Nc3e4 O-O
12.O-O-O Qd8a5
13.Ne4f6 Kh8
14.Qf3h3 Bg7xf6
15.exf6 Ne7g8
16.Qh3h4 Qa5f5
17.Bf4d6 Rf8e8
18.g4 Qf5xf6
19.Qh4xf6 Ng8xf6
20.Bd6e5 { resign }
1-0

[Event "Tourn. n8092"]
[Site "www.chess-mail.com"]
[Date "2015.02.17"]
[Round "1"]
[White "Kesalon"]
[Black "Udo40"]
[WhiteElo "1459"]
[BlackElo "1700"]
[Result "1-0"]
[Round "1"]
1.e4 e5
2.Ng1f3 Nb8c6
3.Bf1c4 h6
4.d4 exd4
5.Nf3xd4 Nc6e5
6.Bc4b3 Bf8c5
7.Nd4f3 d6
8.Nf3xe5 dxe5
9.Bb3xf7 Kxf7
10.Qd1xd8 { resign }
1-0

[Event "Tourn. n7856"]
[Site "www.chess-mail.com"]
[Date "2015.02.17"]
[Round "1"]
[White "Ingauno64"]
[Black "Asoka"]
[WhiteElo "2510"]
[BlackElo "2670"]
[Result "1-0"]
[Round "1"]
1.Ng1f3 d5
2.d4 Bc8f5
3.c4 e6
4.Nb1c3 Ng8f6
5.Bc1g5 c6
6.Qd1b3 Qd8b6
7.c5 Qb6xb3
8.axb3 Nf6e4
9.Bg5f4 Nb8d7
10.b4 Ne4xc3
11.bxc3 Bf8e7
12.e3 O-O
13.b5 cxb5
14.Bf1xb5 Nd7f6
15.Nf3e5 a6
16.Bb5a4 Nf6e4
17.Ne5d7 Rf8d8
18.Nd7b6 Ne4xc3
19.Nb6xa8 Rd8xa8
20.Ba4b3 g5
21.Bf4c7 Ra8c8
22.Bc7a5 Nc3b5
23.Kd2 Be7f6
24.Rh1c1 Kf8
25.Bb3a4 Ke8
26.Ba4xb5 axb5
27.Ba5c3 Kd7
28.Ra1a5 Kc6
29.Rc1a1 g4
30.Ra5a8 Rc8xa8
31.Ra1xa8 Bf6h4
32.g3 Bh4f6
33.Ra8c8 Kd7
34.Rc8f8 Bf5g6
35.Bc3a5 b4
36.Ba5xb4 Bf6d8
37.Ke2 b6
38.cxb6 Bd8xb6
39.Kf1 Bb6c7
40.f3 h5
41.Kg2 Bc7b6
42.h3 gxf3
43.Kxf3 Bg6e4
44.Kf2 Be4g6
45.Rf8a8 Bb6c7
46.Bb4a5 Bc7d6
47.Ba5d8 Bg6e4
48.Bd8f6 Be4g6
49.Ra8h8 Bd6e7
50.Bf6xe7 Kxe7
51.Kf3 Kf6
52.Kf4 Kg7
53.Rh8b8 f6
54.Rb8b7 Kf8
55.g4 hxg4
56.hxg4 Bg6f7
57.g5 Kg7
58.gxf6 Kxf6
59.Rb7b8 Bf7h5
60.Rb8h8 Bh5f7
61.Rh8h6 Bf7g6
62.Kg4 Kf7
63.Kg5 Bg6e4
64.Kf4 Ke7
65.Ke5 Be4f5
66.Rh6f6 Bf5h3
67.Rf6f3 Bh3g4
68.Rf3g3 Bg4f5
69.Rg3g7 Kf8
70.Kf6 Ke8
71.Rg7e7 { resign }
1-0

[Event "Tourn. n7893"]
[Site "www.chess-mail.com"]
[Date "2015.02.17"]
[Round "1"]
[White "Glenno"]
[Black "Tartan"]
[WhiteElo "2350"]
[BlackElo "2330"]
[Result "0-1"]
[Round "1"]
1.e4 e6
2.d4 d5
3.Nb1c3 Bf8b4
4.e5 Qd8d7
5.a3 Bb4xc3
6.bxc3 b6
7.Qd1g4 f5
8.Qg4g3 Bc8a6
9.Bf1xa6 Nb8xa6
10.Ng1e2 Na6b8
11.Ne2f4 Kf7
12.O-O Ng8e7
13.Qg3h3 Nb8c6
14.Qh3h5 Kg8
15.Qh5g5 Nc6a5
16.Nf4h5 Ne7g6
17.g4 Ra8f8
18.f4 Na5c4
19.gxf5 Rf8xf5
20.Qg5g4 Rf5f7
21.a4 a6
22.Rf1f3 c5
23.Rf3g3 Kf8
24.Bc1a3 Nc4xa3
25.Ra1xa3 Qd7c6
26.Ra3a1 Ke7
27.a5 b5
28.Qg4d1 Rh8c8
29.Ra1b1 cxd4
30.Qd1xd4 Qc6c5
31.Qd4xc5 Rc8xc5
32.Rb1xb5 Rc5xb5
33.Kf2 Ng6xf4
34.Nh5xf4 Rf7xf4
35.Ke3 Rf4e4
36.Kd3 Kf7
37.Rg3h3 Rb5b1
38.Kd2 Re4e1
39.Rh3f3 Ke7
{ resign }
0-1

[Event "Tourn. n7939"]
[Site "www.chess-mail.com"]
[Date "2015.02.17"]
[Round "1"]
[White "Bojan"]
[Black "Blackpool"]
[WhiteElo "1940"]
[BlackElo "1840"]
[Result "1-0"]
[Round "1"]
1.c4 g6
2.Nb1c3 Bf8g7
3.b4 d6
4.Bc1b2 e5
5.g3 Nb8c6
6.Bf1g2 Ng8e7
7.a3 O-O
8.e3 a6
9.Nc3d5 Ne7xd5
10.cxd5 Nc6e7
11.e4 f5
12.d3 Bc8d7
13.Ng1h3 fxe4
14.dxe4 h6
15.f3 g5
16.Nh3f2 Ne7g6
17.Bb2c1 Qd8e7
18.Bc1e3 Ra8c8
19.Ra1c1 c6
20.Qd1b3 cxd5
21.O-O Kh7
22.Qb3xd5 Bd7c6
23.Qd5d3 Bc6b5
24.Qd3b3 Bb5xf1
25.Rc1xf1 Qe7f7
26.Qb3b2 Rc8c7
27.Rf1d1 Qf7e6
28.Bg2h3 Qe6e7
29.Bh3g4 Rf8d8
30.Bg4f5 Qe7f6
31.Be3b6 Rc7c6
32.Bb6xd8 Qf6xd8
33.Nf2d3 Qd8f6
34.Nd3c1 Kh8
35.Nc1b3 Ng6e7
36.Bf5g4 Qf6f8
37.Nb3a5 Rc6b6
38.Qb2b3 Ne7g6
39.Qb3e6 Qf8f6
40.Qe6c8 Kh7
41.Na5xb7 Qf6f7
42.Bg4e6 Qf7f8
43.Qc8c7 Rb6b5
44.Nb7xd6 Qf8b8
45.Qc7f7 Rb5b6
46.Nd6c4 { resign }
1-0

[Event "Tourn. n7893"]
[Site "www.chess-mail.com"]
[Date "2015.02.17"]
[Round "1"]
[White "Winterlude"]
[Black "Leswamp"]
[WhiteElo "2540"]
[BlackElo "2430"]
[Result "1-0"]
[Round "1"]
1.e4 c6
2.d4 d5
3.exd5 cxd5
4.c4 Ng8f6
5.Nb1c3 e6
6.Ng1f3 Bf8b4
7.cxd5 Nf6xd5
8.Qd1c2 Qd8c7
9.Bc1d2 Nb8d7
10.Bf1d3 Bb4xc3
11.bxc3 Nd5f6
12.O-O b6
13.Ra1e1 Bc8b7
14.Nf3e5 Nd7xe5
15.Re1xe5 O-O
16.Rf1e1 Ra8c8
17.Re5e3 Rf8d8
18.Re3h3 h6
19.Qc2c1 Kf8
20.Bd3f1 Nf6e4
21.Bd2f4 Qc7c6
22.c4 Rd8xd4
23.Bf4e5 Ne4g5
24.Rh3g3 Rd4e4
25.Re1xe4 Qc6xe4
26.f4 f6
27.fxg5 Qe4xe5
28.gxh6 g5
29.Rg3e3 Qe5c5
30.Qc1a3 Kf7
31.Qa3xc5 Rc8xc5
32.h7 Rc5c8
33.Re3a3 a5
34.c5 Kg7
35.cxb6 Rc8c6
36.Ra3xa5 Rc6xb6
37.a4 Rb6b2
38.Ra5b5 Rb2xb5
39.Bf1xb5 Kxh7
40.a5 Kg6
41.a6 Bb7d5
42.Bb5e8 Kf5
43.Kf2 Ke5
44.Be8h5 Kd6
45.Bh5f3 Kc7
46.h3 Bd5xf3
47.Kxf3 f5
48.g3 g4
49.hxg4 { resign }
1-0

[Event "Tourn. n8010"]
[Site "www.chess-mail.com"]
[Date "2015.02.17"]
[Round "1"]
[White "Tomcapp"]
[Black "Gatrooper"]
[WhiteElo "1460"]
[BlackElo "1480"]
[Result "1-0"]
[Round "1"]
1.e4 e5
2.Qd1h5 Qd8f6
3.Bf1c4 Bf8c5
4.Ng1f3 g6
5.Qh5g4 h5
6.Qg4h4 g5
7.Qh4h3 Nb8c6
8.d3 g4
9.Qh3h4 Qf6g7
10.Nf3g5 Qg7f6
11.Nb1c3  { time }
1-0

[Event "Tourn. n7956"]
[Site "www.chess-mail.com"]
[Date "2015.02.17"]
[Round "1"]
[White "Stevo100"]
[Black "Picifarkinca"]
[WhiteElo "2100"]
[BlackElo "2000"]
[Result "0-1"]
[Round "1"]
1.d4 Ng8f6
2.Ng1f3 d5
3.e3 e6
4.Bf1d3 c5
5.b3 Nb8c6
6.Bc1b2 cxd4
7.exd4 Bf8d6
8.Nb1d2 Qd8c7
9.Qd1e2 Nf6h5
10.g3 Nh5f6
11.Nf3e5 Nc6b4
12.Nd2f3 Nb4xd3
13.Qe2xd3 O-O
14.h4 Nf6e4
15.Nf3g5 Bd6b4
16.Ke2 f6
17.f3 Ne4xg3
18.Kf2 Ng3f5
 { time }
0-1

[Event "Tourn. n8073"]
[Site "www.chess-mail.com"]
[Date "2015.02.17"]
[Round "1"]
[White "Anja"]
[Black "Algebra"]
[WhiteElo "1500"]
[BlackElo "1529"]
[Result "1/2-1/2"]
[Round "1"]
1.d4 d5
2.Ng1f3 Ng8f6
3.Bc1f4 c5
4.e3 Nb8c6
5.c4 Bc8g4
6.dxc5 e5
7.Bf4g5 Bg4xf3
8.Qd1xf3 Bf8xc5
9.cxd5 Qd8xd5
10.Bf1e2 Qd5xf3
11.Be2xf3 Bc5e7
12.Nb1c3 O-O
13.O-O Nf6d5
{ draw }
1/2-1/2

[Event "Tourn. n7976"]
[Site "www.chess-mail.com"]
[Date "2015.02.17"]
[Round "1"]
[White "Uliczny2"]
[Black "Kozakliuty"]
[WhiteElo "1550"]
[BlackElo "1500"]
[Result "0-1"]
[Round "1"]
1.e4 b6
2.d4 e6
3.Nb1c3 Bc8b7
4.Ng1f3 Bf8b4
5.Bf1d3 Ng8e7
6.O-O Bb4xc3
7.bxc3 O-O
{ time. }
0-1

[Event "Tourn. n7982"]
[Site "www.chess-mail.com"]
[Date "2015.02.17"]
[Round "1"]
[White "Uliczny2"]
[Black "Spitzer"]
[WhiteElo "1550"]
[BlackElo "1580"]
[Result "0-1"]
[Round "1"]
1.e4 e5
2.Ng1f3 Nb8c6
3.Bf1b5 a6
4.Bb5xc6 dxc6
5.h3 Bf8d6
6.O-O Ng8f6
7.d4 exd4
{ time. }
0-1

[Event "Tourn. n8045"]
[Site "www.chess-mail.com"]
[Date "2015.02.17"]
[Round "1"]
[White "Azulmarino"]
[Black "Gatrooper"]
[WhiteElo "1550"]
[BlackElo "1500"]
[Result "1-0"]
[Round "1"]
1.e4 e5
2.Ng1f3 Nb8c6
3.Bf1b5 a6
4.Bb5xc6 dxc6
5.Nf3xe5 Qd8f6
6.Ne5f3 h6
7.Nb1c3 Bc8g4
8.d3  { time }
1-0

[Event "Tourn. n7533"]
[Site "www.chess-mail.com"]
[Date "2015.02.17"]
[Round "1"]
[White "Seger"]
[Black "Pgcbies"]
[WhiteElo "2720"]
[BlackElo "2480"]
[Result "1/2-1/2"]
[Round "1"]
1.e4 e5
2.g3 Ng8f6
3.Bf1g2 Nb8c6
4.Ng1e2 Bf8c5
5.Nb1c3 d6
6.Nc3a4 Bc5b6
7.Na4xb6 axb6
8.d4 exd4
9.O-O O-O
10.Ne2xd4 Nc6xd4
11.Qd1xd4 Bc8e6
12.b3 Qd8d7
13.f3 c5
14.Qd4f2 d5
15.Bc1b2 Rf8d8
16.Rf1d1 Qd7c8
17.exd5 Be6xd5
18.a4 Qc8f5
19.g4 Qf5g6
20.h4 Bd5c6
21.Rd1d2 Rd8xd2
22.Qf2xd2 h5
23.g5 Nf6d5
24.Ra1e1 Nd5b4
25.Re1e2 Ra8f8
26.Bb2c3 Nb4d5
27.Bc3a1 Nd5b4
28.Ba1b2 Rf8a8
29.Bb2c3 Nb4d5
30.Bc3e5 Ra8e8
31.Bg2f1 Qg6f5
32.Be5h2 Re8e6
33.Re2xe6 fxe6
34.Qd2d3 Qf5xd3
35.Bf1xd3 Kf7
36.c4 Nd5b4
37.Bd3e2 Nb4c2
38.Bh2e5 Nc2e3
39.f4 g6
40.Be5c7 Ne3f5
41.Bc7xb6 Nf5d4
42.Be2d1 Bc6f3
43.Bd1xf3 Nd4xf3
44.Kf2 Nf3d2
45.Ke3 Nd2xb3
46.Kd3 Ke8
47.Kc3 Nb3d4
48.Bb6xc5 Nd4c6
49.Bc5d6 Kd7
50.c5 Nc6a7
51.Kb4 Kc6
52.Kc4 Kd7
53.Bd6e5 Ke8
54.Be5b2 Kd7
55.Bb2f6 Kc7
56.Bf6e5 Kd7
57.Be5g7 Kc7
58.Bg7f6 Kc6
59.Bf6e7 Kd7
60.Be7d6 Ke8
61.Bd6c7 Kd7
62.Bc7a5 Ke7
63.Ba5e1 Kd7
64.Be1c3 Kc6
65.Kd4 Kd7
66.Ke5 Ke7
67.Bc3d2 Na7c6
68.Ke4 Ke8
69.Bd2e1 Kd7
70.Be1f2 Nc6a7
71.Ke5 Ke7
72.Kd4 Na7c6
73.Kc4 Kd7
74.Bf2g3 Nc6a7
75.Bg3e1 Kc7
76.Be1a5 Kd7
77.Ba5b4 Kc7
78.Kd3 Kd7
79.Bb4e1 Kc7
80.Be1c3 Na7c6
81.Bc3e5 Kd7
82.Be5d6 Nc6a7
83.Ke3 Na7c8
84.Bd6f8 Nc8a7
85.Kd4 Na7c6
86.Ke4 Kc7
87.Bf8g7 Kd7
88.Bg7c3 Nc6a7
89.Bc3f6 Na7c6
90.Kd3 Kc7
91.Kc3 Kc8
92.Kc4 Nc6a7
93.Bf6c3 Kc7
94.Bc3g7 Kd7
95.a5 Kd8
96.Bg7a1 Kd7
97.Ba1e5 Kc6
98.Be5f6 Kd7
99.Bf6a1 Kc6
100.Ba1e5 Na7c8
101.Be5f6 Nc8a7
102.Bf6d4 Kd7
103.Bd4e3 Kc6
104.Be3f2 Kc7
105.Bf2g3 Kd7
106.Bg3e1 Kc6
107.Kd4 Kd7
108.Be1d2 Ke7
109.Ke5 Na7c6
110.Ke4 Kd7
111.Kd3 Kc7
112.Bd2c3 Kd7
113.Kc4 Nc6a7
114.Bc3d2 Kc8
115.Kb4 Kc7
116.Bd2c3 Kc6
117.Bc3d4 Na7b5
118.Kc4 Nb5a3
119.Kb3 Na3b5
120.Bd4f2 Nb5a7
121.Kb4 Kc7
122.Kc4 { draw }
1/2-1/2

[Event "Match"]
[Site "www.echecsemail.com"]
[Date "2015.02.17"]
[Round "1"]
[White "Carloswhizz"]
[Black "Nugun"]
[WhiteElo "1780"]
[BlackElo "1729"]
[Result "1-0"]
[Round "1"]
1.e4 e5
2.f4 exf4
3.Ng1f3 d6
4.Bf1c4 Ng8f6
5.Nb1c3 Nb8c6
6.O-O Bc8e6
7.Bc4xe6 fxe6
8.d4 d5
9.e5 Nf6g4
10.Bc1xf4 h6
11.h3 Ng4xe5
12.Nf3xe5 Nc6xe5
13.Bf4xe5 Qd8e7
14.Nc3b5 O-O-O
15.Be5xc7 Rd8e8
16.Bc7e5 Qe7b4
17.Qd1d3 Kd8
18.Nb5xa7 Qb4a5
19.Na7b5 h5
20.a4 Rh8h6
21.b3 Bf8b4
22.Be5xg7 Rh6h8
23.Bg7xh8 Re8xh8
24.Rf1f7 e5
25.dxe5 Bb4c5
26.Kh1 h4
27.Qd3xd5 Ke8
28.Qd5d7 { resign }
1-0

[Event "Match"]
[Site "www.echecsemail.com"]
[Date "2015.02.17"]
[Round "1"]
[White "Wagner"]
[Black "Rob33"]
[WhiteElo "1640"]
[BlackElo "2019"]
[Result "0-1"]
[Round "1"]
1.e4 e6
2.c4 c5
3.g3 d5
4.e5 Nb8c6
5.f4 dxc4
6.Bf1xc4 Ng8e7
7.Ng1f3 Ne7f5
8.a3 Bf8e7
9.b3 O-O
10.Nb1c3 Nf5d4
11.Nf3xd4 Nc6xd4
12.Bc1b2 Ra8b8
13.Nc3e4 b5
14.Bc4d3 c4
15.bxc4 bxc4
16.Bb2xd4 Qd8xd4
17.Bd3c2 Bc8b7
18.d3 cxd3
19.Bc2xd3 Bb7xe4
20.Ke2 Rb8b2
{ resign }
0-1

[Event "Match"]
[Site "www.echecsemail.com"]
[Date "2015.02.17"]
[Round "1"]
[White "Andychesston"]
[Black "Carloswhizz"]
[WhiteElo "1760"]
[BlackElo "1750"]
[Result "1-0"]
[Round "1"]
1.e4 d5
2.d4 c6
3.Nb1c3 e6
4.Ng1f3 Bf8e7
5.Bc1e3 Bc8d7
6.Bf1d3 a6
7.O-O b6
8.a3 Ng8f6
9.h3 O-O
10.b4 b5
11.e5 Nf6e8
12.Nc3e2 f5
13.Ne2f4 a5
14.c3 g5
15.Nf4h5 f4
16.Be3d2 Ne8g7
17.Nh5xg7 Kxg7
18.Nf3h2 Bd7e8
19.Qd1g4 h6
20.g3 fxg3
21.fxg3 Rf8xf1
22.Ra1xf1 Nb8d7
23.Qg4xe6 Nd7f8
24.Qe6g4 axb4
25.axb4 Be8g6
26.Qg4f3 Nf8e6
27.Bd3xg6 Kxg6
28.Qf3f7 { resign }
1-0

[Event "Match"]
[Site "www.echecsemail.com"]
[Date "2015.02.17"]
[Round "1"]
[White "Stevep84"]
[Black "Neoncrash"]
[WhiteElo "2190"]
[BlackElo "1760"]
[Result "1-0"]
[Round "1"]
1.e4 e6
2.d4 d5
3.Nb1c3 Bf8b4
4.e5 b6
5.a3 Bb4f8
6.Ng1f3 Qd8d7
7.Bf1d3 Bc8a6
8.O-O Ba6xd3
9.Qd1xd3 c5
10.Bc1f4 Nb8c6
11.Rf1d1 cxd4
12.Nf3xd4 Nc6xd4
13.Qd3xd4 Ng8e7
14.Nc3e4 Ne7f5
15.Qd4d3 Qd7c6
16.Bf4g5 h6
17.g4 hxg5
18.Ne4xg5 Nf5h4
19.Ra1c1 Bf8e7
20.Ng5f3  { time }
1-0

[Event "Match"]
[Site "www.echecsemail.com"]
[Date "2015.02.17"]
[Round "1"]
[White "Orkman"]
[Black "Blackpool"]
[WhiteElo "2180"]
[BlackElo "1720"]
[Result "1-0"]
[Round "1"]
1.e4 e5
2.Ng1f3 Nb8c6
3.Bf1b5 a6
4.Bb5a4 Ng8f6
5.O-O Nf6xe4
6.d4 b5
7.Ba4b3 d5
8.dxe5 Bc8e6
9.Nb1d2 Ne4xd2
10.Bc1xd2 Bf8e7
11.c3 O-O
12.Bd2f4 Qd8d7
13.a4 Nc6a5
14.Bb3c2 g6
15.Nf3d4 Na5c4
16.b3 Nc4b6
17.axb5 axb5
18.Bf4h6 Rf8e8
19.Qd1e2 c6
20.Bh6e3 Qd7b7
21.Nd4xe6 fxe6
22.Qe2g4 Be7f8
23.Be3xb6 Qb7xb6
24.Ra1xa8 Re8xa8
25.Qg4xe6 Kh8
26.Qe6f7 Bf8g7
27.Qf7f4 Ra8f8
28.Qf4d4 Qb6c7
29.f4 Rf8e8
30.g3 Re8a8
31.Bc2d1 Ra8d8
32.b4 Rd8a8
33.Rf1e1 h6
34.Qd4d3 g5
35.Bd1c2 Bg7f8
36.fxg5 hxg5
37.g4 Ra8e8
38.Qd3g6 Qc7d7
39.Qg6xg5 Bf8g7
40.Qg5h5 Kg8
41.Bc2h7 Kf8
42.Re1f1 { resign }
1-0

[Event "Match"]
[Site "www.echecsemail.com"]
[Date "2015.02.17"]
[Round "1"]
[White "Llord"]
[Black "F14"]
[WhiteElo "1720"]
[BlackElo "1599"]
[Result "1-0"]
[Round "1"]
1.e4 c5
2.d4 cxd4
3.Qd1xd4 Nb8c6
4.Qd4c3 e5
5.Ng1f3 d6
6.Bc1e3 Ng8f6
7.Nb1d2 Bf8e7
8.O-O-O Qd8a5
9.Qc3xa5 Nc6xa5
10.Bf1b5 Bc8d7
11.Bb5xd7 Nf6xd7
12.b3 b6
13.Nd2b1 O-O
14.Nb1c3 a6
15.h4 Ra8c8
16.Nc3d5 Be7f6
17.Be3g5 Bf6d8
18.Bg5xd8 Rf8xd8
19.Nd5e7 Kf8
20.Ne7xc8 Rd8xc8
21.Rd1xd6 Ke7
22.Rh1d1 Rc8c7
23.h5 h6
24.Nf3h4 Na5b7
25.Nh4f5 Kd8
26.Rd6xb6 g6
27.hxg6 fxg6
28.Rb6xg6 Kc8
29.Rg6g8 { resign }
1-0

[Event "Match"]
[Site "www.echecsemail.com"]
[Date "2015.02.17"]
[Round "1"]
[White "Gilliere"]
[Black "Kesalon"]
[WhiteElo "1860"]
[BlackElo "999"]
[Result "1-0"]
[Round "1"]
1.e4 e5
2.Ng1f3 Nb8c6
3.Bf1b5 a6
4.Bb5xc6 dxc6
5.h3 f6
6.O-O Bf8c5
7.d3 Ng8e7
8.Nb1c3 O-O
9.a3 Bc8e6
10.b4 Bc5b6
11.Rf1e1 Ne7g6
12.Bc1e3 Bb6xe3
13.Re1xe3 Ng6f4
14.Nc3e2 Nf4xe2
15.Qd1xe2 Qd8d6
16.Nf3d2 c5
17.c3 cxb4
18.axb4 Ra8d8
19.Re3g3 c5
20.bxc5 Qd6xc5
21.c4 Qc5d4
22.Nd2b3 Qd4c3
23.Qe2d1 Be6xc4
24.Nb3c5 Qc3b4
25.Qd1g4 Rf8f7
26.dxc4 Qb4xc5
27.Ra1c1 b5
28.Rg3c3 b4
29.Rc3b3 a5
30.Qg4e2 a4
31.Rb3b1 b3
32.Rb1b2 Rf7b7
33.Rc1c3 Rd8d4
34.Kh2 Qc5b4
35.Qe2e3 Qb4a3
36.Qe3e2 Rb7b4
37.c5 Rd4xe4
38.Qe2d2 Re4d4
39.Qd2e2 Rb4b8
40.c6 Qa3b4
41.c7 Rb8c8
42.Qe2a6 Qb4xc3
43.Qa6xc8 Kf7
44.Rb2b1 Rd4c4
45.Qc8d7 Kg6
46.Qd7e8 Kh6
47.g4 Rc4xc7
48.Qe8h5 
1-0

[Event "Match"]
[Site "www.echecsemail.com"]
[Date "2015.02.17"]
[Round "1"]
[White "Sunderland"]
[Black "Guidom"]
[WhiteElo "1540"]
[BlackElo "2040"]
[Result "1-0"]
[Round "1"]
1.d4 d5
2.c4 Ng8f6
3.cxd5 Qd8xd5
4.Nb1c3 Qd5a5
5.Ng1f3 e6
6.Bc1d2 c6
7.e3 Bf8b4
8.a3 Bb4xc3
9.Bd2xc3 Qa5d8
10.Bf1d3 O-O
11.O-O Nb8d7
12.e4 g6
13.Rf1e1 c5
14.Bd3c2 cxd4
15.Nf3xd4 Nd7b6
16.Nd4b5 Qd8xd1
17.Ra1xd1 Bc8d7
18.Nb5d6 Ra8b8
19.Bc3xf6 Bd7c6
20.f3 { resign }
1-0

[Event "Match"]
[Site "www.echecsemail.com"]
[Date "2015.02.17"]
[Round "1"]
[White "Goofy"]
[Black "Cardiff"]
[WhiteElo "2280"]
[BlackElo "1950"]
[Result "1-0"]
[Round "1"]
1.e4 e6
2.d4 d5
3.Nb1c3 Bf8b4
4.e5 c5
5.a3 Bb4xc3
6.bxc3 Qd8a5
7.Bc1d2 Ng8e7
8.Qd1g4 O-O
9.Bf1d3 c4
10.Bd3e2 Qa5a4
11.Be2d1 Kh8
12.h4 f6
13.f4 f5
14.Qg4g3 Nb8c6
15.Ng1f3 Qa4a6
16.h5 Bc8d7
17.Nf3h4 Bd7e8
18.Nh4g6 hxg6
19.hxg6 Kg8
20.Rh1h8 { resign }
1-0

[Event "Match"]
[Site "www.echecsemail.com"]
[Date "2015.02.17"]
[Round "1"]
[White "Tomcapp"]
[Black "Gorgo"]
[WhiteElo "1460"]
[BlackElo "1599"]
[Result "0-1"]
[Round "1"]
1.e4 e5
2.Ng1f3 Nb8c6
3.Bf1b5 a6
4.Bb5xc6 dxc6
5.d3 Bf8d6
6.Nb1c3 Ng8e7
7.Bc1g5 f6
8.Bg5e3 Bc8e6
9.a3 O-O
10.d4 exd4
11.Be3xd4 Ne7g6
12.b4 a5
13.Bd4c5 Be6g4
14.bxa5 Bd6xc5
15.Qd1xd8 Rf8xd8
16.O-O Bg4xf3
17.gxf3 Bc5d4
18.a6 bxa6
19.a4 Bd4xc3
20.Ra1a3 Ng6f4
21.Ra3xc3 Nf4e2
22.Kg2 Ne2xc3
23.h4 Rd8d2
24.f4 Nc3xe4
25.Kf3 Ra8e8
26.f5 Rd2xc2
27.h5 Ne4d2
28.Kg2 Nd2xf1
29.Kxf1 Re8e2
30.Kg2 Re2xf2
31.Kg3 Rf2xf5
32.h6 g6
33.a5 Rf5xa5
34.Kf3 Ra5a3
35.Ke4 Rc2c4

0-1

[Event "Match"]
[Site "www.echecsemail.com"]
[Date "2015.02.17"]
[Round "1"]
[White "Gimmyg"]
[Black "Maestro"]
[WhiteElo "1940"]
[BlackElo "1910"]
[Result "1-0"]
[Round "1"]
1.d4 Ng8f6
2.Ng1f3 d5
3.Bc1f4 Nb8c6
4.h3 Nf6e4
5.Nb1d2 Bc8f5
6.e3 e6
7.c4 Bf8b4
8.a3 Bb4xd2
9.Nf3xd2 O-O
10.Nd2xe4 dxe4
11.Qd1b3 Nc6a5
12.Qb3b5 c6
13.Qb5a4 b6
14.b4 Na5b7
15.Qa4xc6 Qd8c8
16.Qc6xc8 Ra8xc8
17.c5 bxc5
18.dxc5 Nb7xc5
19.bxc5 Rc8xc5
20.Bf4d6 Rc5c2
21.Bd6xf8 Kxf8
22.Ra1b1 e5
23.Rb1b8 Ke7
24.Rb8b7 Kf6
25.Rb7xa7 Bf5e6
26.a4 Rc2a2
27.a5 Kg6
28.Bf1e2 Ra2a1
29.Be2d1 Be6b3
30.Kd2 { resign }
1-0

[Event "Match"]
[Site "www.echecsemail.com"]
[Date "2015.02.17"]
[Round "1"]
[White "Spartacus42"]
[Black "Hundegana"]
[WhiteElo "1809"]
[BlackElo "1930"]
[Result "1-0"]
[Round "1"]
1.e4 c5
2.Nb1c3 a6
3.a4 d6
4.g3 e6
5.Bf1g2 Bc8d7
6.d3 h6
7.f4 Ng8f6
8.Ng1f3 Nb8c6
9.O-O Bf8e7
10.h3 Qd8c7
11.Nf3d2 h5
12.Nd2c4 Nf6g8
13.Qd1e2 Nc6d4
14.Qe2f2 f6
15.Nc4e3 Ra8b8
16.f5 b6
17.fxe6 Bd7xe6
18.Nc3d5 Be6xd5
19.Ne3xd5 Qc7d7
20.Bc1e3 Nd4e6
21.g4 hxg4
22.hxg4 Ne6c7
23.g5 Nc7xd5
24.exd5 Qd7g4
25.gxf6 Be7xf6
26.Be3f4 Kd7
27.Ra1e1 Qg4h5
28.Re1e6 Bf6e5
29.Bf4xe5 dxe5
30.Qf2f7 Qh5xf7
31.Rf1xf7 Kd8
32.Rf7xg7 Ng8h6
33.Re6e7 Nh6f5
34.Re7d7 Ke8
35.Bg2e4 Nf5xg7
36.Rd7xg7 Kf8
37.Rg7c7 Rh8g8
38.Kf2 Rg8g7
39.Rc7c6 Ke7
40.Rc6e6 Kd7
41.Re6xe5 Rb8f8
42.Ke3 Rg7g3
43.Kd2 b5
44.axb5 axb5
45.Re5e6 b4
46.Re6g6 Rg3xg6
47.Be4xg6 Rf8f2
48.Kc1 Kd6
49.Bg6e4 Ke5
50.b3 Kd4
51.d6 Kc3
52.Kd1 Rf2f1
53.Ke2 Rf1f8
54.d7 Kxc2
55.d4 Kxb3
56.dxc5 Kc4
57.c6 Kd4
58.c7 Kxe4
59.d8Q Rf8xd8
60.cxd8Q b3
61.Qd8d3 { resign }
1-0

[Event "Eq:Cats in the rain-Los Tercios : "]
[Site "www.chess-mail.com"]
[Date "2015.02.17"]
[Round "1"]
[White "Desiderio"]
[Black "Uliczny2"]
[WhiteElo "2020"]
[BlackElo "1710"]
[Result "1-0"]
[Round "1"]
1.d4 Ng8f6
2.Ng1f3 g6
3.Bc1f4 Bf8g7
4.e3 O-O
5.Bf1d3 d5
6.O-O Bc8g4
7.Bd3e2 c6
8.Nb1d2 Nb8d7
9.c3 Nf6e8
10.h3 Bg4xf3
11.Nd2xf3 f5
12.c4 e6
13.Nf3g5 Qd8e7
14.c5 Bg7f6
15.Ng5f3 Ne8g7
16.Bf4d6 Qe7f7
17.Bd6xf8 Kxf8
18.Ra1b1 e5
19.b4 e4
20.Nf3h2 b6
21.a4 Bf6g5
22.Qd1c2 f4
23.exf4 Bg5xf4
24.cxb6 Nd7xb6
25.Qc2xc6 { resign }
1-0

[Event "Eq:CONFOEDERATIONIS HELVETICAE-Team USA : "]
[Site "www.chess-mail.com"]
[Date "2015.02.17"]
[Round "1"]
[White "Vinvangogh"]
[Black "Asiamen"]
[WhiteElo "1260"]
[BlackElo "2140"]
[Result "1-0"]
[Round "1"]
1.e4 c6
2.Ng1f3 d6
3.Bf1c4 e6
4.d4 h6
5.O-O Ng8e7
6.d5 e5
7.b4 b5
8.Bc4b3 a6
9.c4 Bc8g4
10.Nb1c3 g6
11.Bc1b2 Bf8g7
12.Qd1d3 O-O
13.Nf3h4 Ne7xd5
14.cxd5  { time }
1-0